Responses for Show #4797 - Tuesday, June 14, 2005

Contestants

[<< previous game]

Ben Nuckols, a journalist from Baltimore, Maryland

Patrice Escalle, a student from Mill Valley, California

Lisa Osterman, a geologist from Bethesda, Maryland (whose 2-day cash winnings total $13,000)

[next game >>]

Jeopardy! Round responses

THE 50 STATES
NAME THAT MOVIE
ODDPODGE
THE FUN '40s
HOWDY, PARTNER!
MIXED DRINKS
(Alex: You have to name the drink we have anagrammed in the clue.)
    $200 1
Rhode Island

Patrice
    $200 10
Casablanca

Lisa
    $200 15
1%

Ben
    $200 25
Joe DiMaggio

Lisa
    $200 20
Ives

Patrice
    $200 6
lemonade

Ben
    $400 2
Iowa

Lisa
    $400 11
The Ten Commandments

Ben
    $400 16
St. Patrick

Ben
    $400 26
(Ben: What is Berlin?)
...
(Alex: The nightclub was in [*].)

New York

Ben
Triple Stumper
    $400 21
(Patrice: Who is Banks?)
(Ben: Who is Lewis?)
...
(Alex: It was the other guy--[*]. The Lewis and [*] expedition was involved here.)

(William) Clark

PatriceBen
Triple Stumper
    $400 7
iced tea

Patrice
    $600 3
Kansas

Lisa
    $600 12
Patton

Lisa
    $600 17
Grace Kelly

Patrice
    $600 27
Wonder Woman

Ben
    $600 22
Hammerstein

Ben
    $600 8
root beer

Triple Stumper
    $800 4
Alaska

Patrice
    $800 13
Bowling for Columbine

Patrice
    $800 18
Regina

Triple Stumper
    $800 28
BMI

Triple Stumper
    $800 23
Sherwin

Ben
    $800 9
cappuccino

Triple Stumper
    $1,000 5
(Patrice: What is Wisconsin?)

Indiana

Patrice
    $1000 14
Easy Rider

Triple Stumper
    $1000 19
(Ben: What is hanging?)

firing squad (shooting accepted)

PatriceBen
    $1000 29
the Spruce Goose

Lisa
    $1000 24
Marquette

Lisa
    $1000 30
mineral water

Triple Stumper

Scores at the first commercial break (after clue 15):

Lisa Patrice Ben
$1,800 $1,200 $800

Scores at the end of the Jeopardy! Round:

Lisa Patrice Ben
$4,000 $2,600 $1,400

Double Jeopardy! Round responses

AT THE BALLET
SPORTSMEN
PAY UP!
VINCENT
"VAN"
GO
    $400 26
Cinderella

Patrice
    $400 1
swimming

Ben
    $400 6
a check

Patrice
    $400 14
the Civil War

Lisa
    $400 7
nirvana

Ben
    $400 21
blimps

Ben
    $800 27
The Nutcracker

Ben
    $800 2
Phil Mickelson

Ben
    $800 8
dishwashing

Ben
    $800 15
Edna St. Vincent Millay

Lisa
    $800 10
Ivanhoe

Patrice
    $800 22
(Ben: What is a submarine?)

Sloop

Ben
Triple Stumper
    $1200 28
Swan Lake

Lisa
    $1200 3
Roger Federer

Ben
    $1200 9
PayPal

Patrice
    $1200 16
"Mad Dog"

Triple Stumper
    $1200 11
caravan

Patrice
    $1200 24
by car

Ben
    $1,600 29
(Lisa: What is Appalachian Spring?)
(Alex: No, you picked the wrong one--[*]. [*].)

Rodeo

Lisa
    $1600 4
John Thompson

Ben
    $1600 19
(Ben: What is hand?)

on the barrel

LisaBen
    $1600 17
(District Attorney) Vincent Bugliosi

Triple Stumper
    $1600 12
avant-garde

Ben
    $3,600 23
(Ben: What is Nepal?)
(Alex: No, what is [*]? [*]. Nepal--much too mountainous to run railroads.)

India

Ben
    $2000 30
Petrushka

Triple Stumper
    $2000 5
(Ben: Who is Ken Stabler?)
(Alex: No. Yeah, I know how you feel.)

Len Dawson

Ben
Triple Stumper
    $2000 20
overtime

Lisa
    $2000 18
Vincent Canby

Ben
    $2000 13
Evanston

Ben
    $2000 25
Wheelchair

Triple Stumper

Scores at the end of the Double Jeopardy! Round:

Lisa Patrice Ben
$8,400 $6,600 $6,600

[wagering suggestions for these scores]

Final Jeopardy! Round responses

EUROPEAN CAPITALS
(Alex: [To Lisa] Normally we do not penalize players for misspelling words as long as the misspelling leads to the same pronunciation. If you had put "V-I-L-N-E-U-S", we'd have accepted it. But "Vilnuis" we cannot accept.)
PatriceWhat is Bratilsav
$2,000
BenWhat is Vilnius?
$6,600
LisaWhat is Vilnuis
$4,801
Vilnius

Final scores:

Lisa Patrice Ben
$3,599 $4,600 $13,200
3rd place: $1,000 2nd place: $2,000 New champion: $13,200

Game dynamics:

Coryat scores:

Lisa Patrice Ben
$10,000 $7,600 $10,200
12 R,
1 W
(including 1 DD)
12 R,
2 W
(including 1 DD)
19 R,
7 W
(including 1 DD)

Combined Coryat: $27,800

[game clues] [game scores] [suggest correction]

Game tape date: 2004-12-01
The J! Archive is created by fans, for fans. Scraping, republication, monetization, and malicious use prohibited; this site may use cookies and collect identifying information. See terms. The Jeopardy! game show and all elements thereof, including but not limited to copyright and trademark thereto, are the property of Jeopardy Productions, Inc. and are protected under law. This website is not affiliated with, sponsored by, or operated by Jeopardy Productions, Inc. Join the discussion at JBoard.tv.